000 00612nam a2200217Ia 4500
003 IN-BaIIA
008 211028s9999 xx 000 0 eng d
020 _a0-521-22420-9
040 _cIIA Library
080 _a517.91
_bFLE
100 _aFlett, T. M
_911321
245 0 _aDifferential analysis
_cHannelore Sexl and T. M. Flett
260 _aCambridge
_bCambridge University Press
_c1980
300 _avi, 359p.
650 _aAnalysis-mathematics
_91722
650 _aCalculus
_91611
650 _aDifferential equations
_91510
650 _aNASA Thesaurus
700 _aSexl, Hannelore
_911322
942 _cBK
999 _c6608
_d6608